000 01396nam a2200337 i 4500
003 EG-GICUC
005 20260121101537.0
008 251224s2016 ua ||||fr|||| 000 0 ara d
017 _a20162083
020 _a9789776449336
040 _a EG-GICUC
_bara
_c EG-GICUC
_d EG-GICUC
_erda
041 _aara
082 0 4 _221
_a345.55
_bم ح . ح
092 0 4 _221
099 _aLaw1 07 345.55 م ح . ح 1 ed - 2016
100 0 _aمحمد محمود عليوه
_eمؤلف.
245 1 0 _aحماية المال العام بين الشريعة والقانون :
_bمتضمنا أهم الاتفاقيات الدولية لمكافحة الفساد /
_cمحمد محمود عليوه.
250 _aالطبعة الاولى
264 1 _aالقاهرة :
_bشركة ناس للطباعة،
_c2016.
300 _a382 ؛ صفحة
_c24 سم
336 _2rda content
_atext
337 _2rda media
_aComputer
338 _2rda carrier
_aOnline Resource
504 _aيحتوي على ارجاعات ببليوجرافية يحتوي على قائمة بالمراجع
546 _aالنص أغلبه باللغة العربية مع بعض النصوص الإنجليزية
650 1 4 _aحماية المال العام
_xالقانون الاداري
651 1 _2qrmak
856 4 0 _uhttps://fll.law.cu.edu.eg/fulltext/bks/B07-01814.pdf
905 _a75
942 _2ddc
_cBK
_e21
_n0
999 _c52471
_d52471